Production of Frozen Beverages in Taytay, Rizal (Record no. 85808)
[ view plain ]
| 000 -LEADER | |
|---|---|
| fixed length control field | 00436nam a22001457a 4500 |
| 003 - CONTROL NUMBER IDENTIFIER | |
| control field | URS |
| 005 - DATE AND TIME OF LATEST TRANSACTION | |
| control field | 20250904140439.0 |
| 008 - FIXED-LENGTH DATA ELEMENTS--GENERAL INFORMATION | |
| fixed length control field | 250904b |||||||| |||| 00| 0 eng d |
| 100 ## - MAIN ENTRY--PERSONAL NAME | |
| Personal name | Bantoy, Renz O. | Del Rosario, John Edward R. | Oliva, John Lloyd D. |
| 245 ## - TITLE STATEMENT | |
| Title | <a href="Production of Frozen Beverages in Taytay, Rizal">Production of Frozen Beverages in Taytay, Rizal</a> |
| 260 ## - PUBLICATION, DISTRIBUTION, ETC. (IMPRINT) | |
| Date of publication, distribution, etc | 2024 |
| 502 ## - DISSERTATION NOTE | |
| Dissertation note | Thesis |
| Degree type | BSBA-MM |
| Name of granting institution | URS |
| Year degree granted | 2024 |
| 700 ## - ADDED ENTRY--PERSONAL NAME | |
| Personal name | Arabella B. Pabilonia |
| Relator term | Adviser |
| 942 ## - ADDED ENTRY ELEMENTS (KOHA) | |
| Source of classification or shelving scheme | Library of Congress Classification |
| Koha item type | Theses and dissertations |
| Withdrawn status | Source of classification or shelving scheme | Damaged status | Not for loan | Home library | Current library | Date acquired | Total Checkouts | Barcode | Date last seen | Price effective from | Koha item type |
|---|---|---|---|---|---|---|---|---|---|---|---|
| Library of Congress Classification | Binangonan College Library | Binangonan College Library | 09/04/2025 | URSBIN-UGT3171 | 09/04/2025 | 09/04/2025 | Theses and dissertations |